আওয়ামী লীগ ও সশস্ত্রবাহিনী / (Record no. 64536)
[ view plain ]
| 000 -LEADER | |
|---|---|
| fixed length control field | 00727nam a2200217 a 4500 |
| 001 - CONTROL NUMBER | |
| control field | 64536 |
| 003 - CONTROL NUMBER IDENTIFIER | |
| rucl marc code | BD-RjUL |
| 005 - DATE AND TIME OF LATEST TRANSACTION | |
| control field | 20211209081323.0 |
| 008 - FIXED-LENGTH DATA ELEMENTS--GENERAL INFORMATION | |
| fixed length control field | 170216s2002 bg |||| |||| 000 0 be d |
| 020 ## - INTERNATIONAL STANDARD BOOK NUMBER | |
| Terms of availability | : TK 100.00 |
| 035 ## - SYSTEM CONTROL NUMBER | |
| System control number | (BD-RjUL)64666 |
| 040 ## - CATALOGING SOURCE | |
| Original cataloging agency | BD-RjUL |
| Language of cataloging | ben |
| Transcribing agency | BD-RjUL |
| Modifying agency | BD-RjUL |
| 041 ## - LANGUAGE CODE | |
| Language code of text/sound track or separate title | ben |
| 082 ## - DEWEY DECIMAL CLASSIFICATION NUMBER | |
| Edition number | 23 |
| Classification number | 324.205492 |
| Author mark and year | RUA 2002 |
| 100 1# - MAIN ENTRY--PERSONAL NAME | |
| Personal name | রুশ্দ, আবু |
| 9 (RLIN) | 189011 |
| 245 1# - TITLE STATEMENT | |
| Title | আওয়ামী লীগ ও সশস্ত্রবাহিনী / |
| Statement of responsibility, etc. | আবু রুশ্দ |
| 300 ## - PHYSICAL DESCRIPTION | |
| Pagination | ৯৬ পৃ. ; |
| Size | ১৯ সেমি. |
| 650 ## - SUBJECT ADDED ENTRY--TOPICAL TERM | |
| Topical term or geographic name as entry element | রাজনৈতিক দল |
| Geographic subdivision | বাংলাদেশ |
| 9 (RLIN) | 183018 |
| Topical term or geographic name as entry element | Political party |
| Geographic subdivision | Bangladesh |
| 9 (RLIN) | 183019 |
| 942 ## - ADDED ENTRY ELEMENTS (KOHA) | |
| Source of classification or shelving scheme | Dewey Decimal Classification |
| Koha item type | Books |
| Lost status | Source of classification or shelving scheme | Damaged status | Not for loan | Collection code | Permanent Location | Current Location | Shelving location | Date acquired | Source of acquisition | Total Checkouts | Full call number | Date last seen | Copy number | Koha item type |
|---|---|---|---|---|---|---|---|---|---|---|---|---|---|---|
| Dewey Decimal Classification | Not For Loan | Non-fiction | Central Library, University of Rajshahi | Central Library, University of Rajshahi | Reading Room | 27/08/2002 | Author | B 324.205492 RUA 2002 | 16/02/2017 | C-1 | Books | |||
| Dewey Decimal Classification | Non-fiction | Central Library, University of Rajshahi | Central Library, University of Rajshahi | 27/08/2002 | Author | B 324.205492 RUA 2002 | 27/04/2017 | C-2 | Books |